000 00313nam a2200133Ia 4500
008 191201s2009 xx 000 0 und d
082 _a621.38173
_bPUB
100 _aPUCKNELL Douglas A
245 0 _aBasic VLSI Design
260 _aN.Delhi
_bPHI
_c2009
300 _a459
650 _aB.Tech(ECE)
942 _2ddc
_cBK
999 _c4021
_d4021